| 000 | 00874nam a2200289Ia 4500 | ||
|---|---|---|---|
| 003 | OSt | ||
| 005 | 20221006160557.0 | ||
| 006 | a|||||r|||| 00| 0 | ||
| 007 | ta | ||
| 008 | 221006b |||||||| |||| 00| 0 eng d | ||
| 020 |
_a9788172113353 _c900.00 |
||
| 024 | _a45,538 | ||
| 037 |
_b390, 24/03/2015, Standard Book House _cTextual |
||
| 040 |
_aEASL _cEASL _beng |
||
| 041 |
_2eng _aeng |
||
| 082 | _aQ0aW.42, Q4 | ||
| 100 |
_aPRABHAKAR H. S. _9674229 |
||
| 245 | 0 | _aReligion and politics in Japan | |
| 260 |
_aNew Delhi _bNorthern Book Centre India _c2014 |
||
| 300 |
_a304p. _ccm. |
||
| 490 | _v JEL | ||
| 650 | _a JEL | ||
| 650 |
_a Soka Gakkai and National politics _9674230 |
||
| 650 |
_aJapan - Religion _9648265 |
||
| 942 |
_hQ0aW.42, Q4 _cTEXL _2CC |
||
| 999 |
_c1113630 _d1113630 |
||